المحرر الوجيز فى تفسير الكتاب العزيز / (رقم التسجيلة. 178575)

تفاصيل مارك
000 -LEADER
fixed length control field 02013namaa22003971i 4500
003 - CONTROL NUMBER IDENTIFIER
control field EG-GICUC
005 - DATE AND TIME OF LATEST TRANSACTION
control field 20260217140414.0
008 - FIXED-LENGTH DATA ELEMENTS--GENERAL INFORMATION
fixed length control field 260217m19771985qa ||||jr|||| 001 0 ara d
017 ## - COPYRIGHT OR LEGAL DEPOSIT NUMBER
Copyright or legal deposit number 1985 / 213
Assigning agency المكتبة الوطنية (قطر)
040 ## - CATALOGING SOURCE
Original cataloging agency EG-GiCUC
Language of cataloging ara
Transcribing agency EG-GiCUC
Modifying agency EG-GiCUC
Description conventions rda
082 04 - DEWEY DECIMAL CLASSIFICATION NUMBER
Edition number 21
Classification number 227
Item number A872muh
092 04 - LOCALLY ASSIGNED DEWEY CALL NUMBER (OCLC)
Edition number 21
Classification number 227
Item number A872muh
099 ## - LOCAL FREE-TEXT CALL NUMBER (OCLC)
Classification number 227 A872muh
100 1# - MAIN ENTRY--PERSONAL NAME
Personal name ابن عطية،عبد الحق بن غالب،
Dates associated with a name ت. حو. 1147
Relator term مؤلف.
245 12 - TITLE STATEMENT
Title المحرر الوجيز فى تفسير الكتاب العزيز /
Statement of responsibility, etc. لأبى محمد عبد الحق بن عطية الأندلسى ؛ تحقيق وتعليق الرحالى الفاروف، عبد الله ابراهيم الانصارى، السيد عبد العال السيد ابراهيم، محمد الشافعى صادق العنانى
246 1# - VARYING FORM OF TITLE
Title proper/short title تفسير ابن عطية
250 ## - EDITION STATEMENT
Edition statement الطبعة الاولى
264 ## - PRODUCTION, PUBLICATION, DISTRIBUTION, MANUFACTURE, AND COPYRIGHT NOTICE
Place of production, publication, distribution, manufacture الدوحة (قطر) :
Name of producer, publisher, distributor, manufacturer الناشر غير محدد،
Date of production, publication, distribution, manufacture, or copyright notice 1977-1985
300 ## - PHYSICAL DESCRIPTION
Extent ؛ 8 مجلدات
Dimensions 27 سم
Other physical details إيضاحيات، صور، مثيليات ؛ Illustrations
336 ## - CONTENT TYPE
Source rdacontent
Content type term text
337 ## - MEDIA TYPE
Source rdamedia
Media type term Unmediated
338 ## - CARRIER TYPE
Source rdacarrier
Carrier type term volume
500 ## - GENERAL NOTE
General note فى رأس العنوان (تفسير ابن عطية)
500 ## - GENERAL NOTE
General note طبع على نفقة صاحب سمو الشيخ خليفة بن حمد آل ثانى أمير دولة قطر
504 ## - BIBLIOGRAPHY, ETC. NOTE
Bibliography, etc. note يشتمل على ارجاعات ببليوجرافية
541 ## - IMMEDIATE SOURCE OF ACQUISITION NOTE
Source of acquisition د. جابر عصفور ؛
Address القاهرة ؛
Method of acquisition إهداء ؛
Date of acquisition 2024.
630 ## - SUBJECT ADDED ENTRY--UNIFORM TITLE
Uniform title القرآن
General subdivision تفسير
650 17 - SUBJECT ADDED ENTRY--TOPICAL TERM
Source of heading or term qrmak
651 1# - SUBJECT ADDED ENTRY--GEOGRAPHIC NAME
Source of heading or term qrmak
700 1# - ADDED ENTRY--PERSONAL NAME
Personal name الفاروق، الرحالى
Relator term محقق.
700 1# - ADDED ENTRY--PERSONAL NAME
Personal name الأنصارى، عبد الله بن ابراهيم
Relator term محقق.
700 1# - ADDED ENTRY--PERSONAL NAME
Personal name ابراهيم، السيد عبد العال السيد
Relator term محقق.
700 1# - ADDED ENTRY--PERSONAL NAME
Personal name العنانى، محمد الشافعى الصادق
Relator term محقق.
905 ## - Cataloger and Reviser Names
Cataloger Name Huda
942 ## - ADDED ENTRY ELEMENTS (KOHA)
Source of classification or shelving scheme Dewey Decimal Classification
Koha item type Books
Edition 21
Suppress in OPAC No
المقتنيات
Withdrawn status Lost status Source of classification or shelving scheme Damaged status Not for loan Home library Current library Date acquired Inventory number Total checkouts Full call number Barcode Date last seen Price effective from Koha item type
    Dewey Decimal Classification   Not for loan المكتبة المركزبة الجديدة - جامعة القاهرة قاعة المكتبات المهداة - الدور الرابع 17.02.2026 175151   227 A872muh v.1 J.U. 01000100175151001 17.02.2026 17.02.2026 Books
    Dewey Decimal Classification   Not for loan المكتبة المركزبة الجديدة - جامعة القاهرة قاعة المكتبات المهداة - الدور الرابع 17.02.2026 175151   227 A872muh v.2 J.U. 01000100175151002 17.02.2026 17.02.2026 Books
    Dewey Decimal Classification   Not for loan المكتبة المركزبة الجديدة - جامعة القاهرة قاعة المكتبات المهداة - الدور الرابع 17.02.2026 175151   227 A872muh v.3 J.U. 01000100175151003 17.02.2026 17.02.2026 Books
    Dewey Decimal Classification   Not for loan المكتبة المركزبة الجديدة - جامعة القاهرة قاعة المكتبات المهداة - الدور الرابع 17.02.2026 175151   227 A872muh v.4 J.U. 01000100175151004 17.02.2026 17.02.2026 Books
    Dewey Decimal Classification   Not for loan المكتبة المركزبة الجديدة - جامعة القاهرة قاعة المكتبات المهداة - الدور الرابع 17.02.2026 175151   227 A872muh v.5 J.U. 01000100175151005 17.02.2026 17.02.2026 Books
    Dewey Decimal Classification   Not for loan المكتبة المركزبة الجديدة - جامعة القاهرة قاعة المكتبات المهداة - الدور الرابع 17.02.2026 175151   227 A872muh v.6 J.U. 01000100175151006 17.02.2026 17.02.2026 Books
    Dewey Decimal Classification   Not for loan المكتبة المركزبة الجديدة - جامعة القاهرة قاعة المكتبات المهداة - الدور الرابع 17.02.2026 175151   227 A872muh v.7 J.U. 01000100175151007 17.02.2026 17.02.2026 Books
    Dewey Decimal Classification   Not for loan المكتبة المركزبة الجديدة - جامعة القاهرة قاعة المكتبات المهداة - الدور الرابع 17.02.2026 175151   227 A872muh v.8 J.U. 01000100175151008 17.02.2026 17.02.2026 Books
Cairo University Libraries Portal Implemented & Customized by: Eng. M. Mohamady Contacts: new-lib@cl.cu.edu.eg | cnul@cl.cu.edu.eg
CUCL logo CNUL logo
© All rights reserved — Cairo University Libraries
CUCL logo
Implemented & Customized by: Eng. M. Mohamady Contact: new-lib@cl.cu.edu.eg © All rights reserved — New Central Library
CNUL logo
Implemented & Customized by: Eng. M. Mohamady Contact: cnul@cl.cu.edu.eg © All rights reserved — Cairo National University Library